000 00251nam a22001217a 4500
008 180912b xxu||||| |||| 00| 0 eng d
041 _aeng
080 _a159.9
100 _a49
101 _aPSI
245 _aTrauma
_cMc Laughlin
942 _2udc
_cBK
999 _c47691
_d47691